书目信息 |
| 题名: |
70年代生人
|
|
| 作者: | 伍士心 编著 | |
| 分册: | ||
| 出版信息: | 北京 中国书店 2005 |
|
| 页数: | 208页 | |
| 开本: | 23cm | |
| 丛书名: | 70年代生人图书系列 | |
| 单 册: | ||
| 中图分类: | J905.1 , J905.1 | |
| 科图分类: | ||
| 主题词: | 电影评论--dian ying ping lun--世界 , 电影 , 电视--艺术 | |
| 电子资源: | ||
| ISBN: | 7-80663-328-6 | |
| 000 | 00965nam 2200301 45 | |
| 001 | 212004041647 | |
| 005 | 20110525101706.89 | |
| 010 | @a7-80663-328-6@dCNY24.80 | |
| 100 | @a20090901d2005 ekmy0chiy0121 ea | |
| 101 | 0 | @achi |
| 102 | @aCN@b110000 | |
| 105 | @aa z 000yy | |
| 106 | @ar | |
| 200 | 1 | @a70年代生人@A70 nian dai sheng ren@e电影@d= Movie@f伍士心编著@zeng |
| 210 | @a北京@c中国书店@d2005 | |
| 215 | @a208页@c图@d23cm | |
| 225 | 2 | @a70年代生人图书系列@A70 nian dai sheng ren tu shu xi lie |
| 330 | @a本书介绍了一些70年代生人的电影,介绍了70年代人的故事,每个故事起都是一本书,书中的每篇都是生活,记载下70年代人的风采。 | |
| 410 | 0 | @12001 @a70年代生人图书系列 |
| 510 | 1 | @aMovie@zeng |
| 606 | 0 | @a电影评论@Adian ying ping lun@y世界 |
| 606 | 0 | @a电影 |
| 606 | 0 | @a电视@x艺术 |
| 690 | @aJ905.1@v4 | |
| 690 | @aJ905.1@v4 | |
| 701 | 0 | @a伍士心@Awu shi xin@4编著 |
| 801 | 0 | @aCN@b海天@c20110525 |
| 905 | @a@dJ905.1@eW941@fI106/W941 | |
| 70年代生人:电影= Movie/伍士心编著.-北京:中国书店,2005 |
| 208页:图;23cm.-(70年代生人图书系列) |
| ISBN 7-80663-328-6:CNY24.80 |
| 本书介绍了一些70年代生人的电影,介绍了70年代人的故事,每个故事起都是一本书,书中的每篇都是生活,记载下70年代人的风采。 |
| ● |
| 相关链接 |
|
|
|
正题名:70年代生人
索取号:J905.1/W941
 
预约/预借
| 序号 | 登录号 | 条形码 | 馆藏地/架位号 | 状态 | 备注 |
| 1 | 876576 | 208765763 | 社科库309/309社科库 97排2列3层/ [索取号:J905.1/W941] | 在馆 | |
| 2 | 876577 | 208765772 | 社科库309/309社科库 97排2列3层/ [索取号:J905.1/W941] | 在馆 | |
| 3 | 876578 | 208765781 | 社科库309/309社科库 97排2列3层/ [索取号:J905.1/W941] | 在馆 | |
| 4 | 876579 | 208765790 | 社科库309/309社科库 97排2列3层/ [索取号:J905.1/W941] | 在馆 | |
| 5 | 876580 | 208765807 | 社科库309/309社科库 97排2列3层/ [索取号:J905.1/W941] | 在馆 |